| 000 | 00880cam a2200277 4500 | ||
|---|---|---|---|
| 001 | 2188977 | ||
| 003 | OSt | ||
| 005 | 20240708122021.0 | ||
| 008 | 730503s1973 nyua b 001 0 eng | ||
| 010 | _a 72091751 | ||
| 020 | _a0030854628 | ||
| 040 | _cMUST | ||
| 082 | 0 | 0 | _a150.72 KER 1964 |
| 100 | 1 |
_aKerlinger, Fred N. _q(Fred Nichols), _918507 |
|
| 245 | 1 | 0 |
_aFoundations of behavioral research _c[by] Fred N. Kerlinger. |
| 250 | _a2d ed. | ||
| 260 |
_aNew York, _bHolt, Rinehart and Winston _c1964 |
||
| 300 |
_axx, 741 p. _billus. _c24 cm. |
||
| 504 | _aIncludes bibliographical references. | ||
| 650 | 0 |
_aPsychology _xResearch. _913525 |
|
| 650 | 0 |
_aSociology _xResearch. _918417 |
|
| 650 | 0 |
_aPsychology _xStatistical methods. _918508 |
|
| 650 | 0 |
_aSociology _xStatistical methods. _918509 |
|
| 906 |
_a7 _bcbc _corignew _d2 _eopcn _f19 _gy-gencatlg |
||
| 942 |
_2ddc _cO_SHELF |
||
| 999 |
_c9090 _d9090 |
||